Normal view
MARC view
Entry Nombre personal
001 - NÚMERO DE CONTROL
- campo de control: 111673
003 - IDENTIFICADOR DE NÚMERO DE CONTROL
- campo de control: OSt
005 - FECHA Y HORA DE LA ÚLTIMA TRANSACCIÓN
- campo de control: 20260417121610.0
008 - ELEMENTOS DE DATO DE LONGITUD-FIJA
- campo de control de longitud fija: 260417|| aca||aabn | a|a d
040 ## - FUENTE DE CATALOGACIÓN
- Centro catalogador/agencia de origen: M-RABA
100 1# - ENCABEZAMIENTO-NOMBRE DE PERSONA
- Nombre de persona: Abes, Emilio
374 ## - OCUPACIÓN
- Ocupación: Ingeniero industrial
375 ## - GÉNERO/SEXO
- Género: Masculino
670 ## - FUENTE DE DATOS ENCONTRADOS
- Cita de la fuente: Actas Academia 23 de marzo de 1891,
- Información encontrada: (Emilio Abes)
670 ## - FUENTE DE DATOS ENCONTRADOS
- Cita de la fuente: [Aparato de navegación aérea de Emilio Abes]
- Información encontrada: (Emilio Abes)
670 ## - FUENTE DE DATOS ENCONTRADOS
- Cita de la fuente: La Restauración. Periódico Político de Almería del 21 de junio de 1895
- Información encontrada: (Hemos tenido el gusto de recibir la del ilustrado ingeniero industrial don Emilio Abés, inventor del aparato de aviación directa que lleva su nombre y que tanto elogios ha merecido de la prensa de Madrid y de la del resto de España."